| 000 -LEADER |
| fixed length control field |
01842cam a2200481 a 4500 |
| 001 - CONTROL NUMBER |
| control field |
12118581 |
| 003 - CONTROL NUMBER IDENTIFIER |
| control field |
Nust |
| 005 - DATE AND TIME OF LATEST TRANSACTION |
| control field |
20220829113137.0 |
| 008 - FIXED-LENGTH DATA ELEMENTS--GENERAL INFORMATION |
| fixed length control field |
000725s1999 enk b 000 1 eng d |
| 010 ## - LIBRARY OF CONGRESS CONTROL NUMBER |
| LC control number |
00698638 |
| 015 ## - NATIONAL BIBLIOGRAPHY NUMBER |
| National bibliography number |
GB98-V5171 |
| 020 ## - INTERNATIONAL STANDARD BOOK NUMBER |
| International Standard Book Number |
9780140435122 |
| Terms of availability |
Rs. 516 |
| 035 ## - SYSTEM CONTROL NUMBER |
| System control number |
(OCoLC)ocm42371494 |
| 038 ## - RECORD CONTENT LICENSOR |
| Staff Name |
Arshad |
| 040 ## - CATALOGING SOURCE |
| Original cataloging agency |
GZM |
| Transcribing agency |
GZM |
| Modifying agency |
UKM |
| -- |
DLC |
| 042 ## - AUTHENTICATION CODE |
| Authentication code |
lccopycat |
| 043 ## - GEOGRAPHIC AREA CODE |
| Geographic area code |
e-uk-en |
| 050 00 - LIBRARY OF CONGRESS CALL NUMBER |
| Classification number |
PR4565.A2 |
| Item number |
F67 1999 |
| 082 ## - DEWEY DECIMAL CLASSIFICATION NUMBER |
| Classification number |
823 |
| Author Mark |
DIC |
| 100 1# - MAIN ENTRY--PERSONAL NAME |
| Personal name |
Dickens, Charles, |
| Dates associated with a name |
1812-1870. |
| 9 (RLIN) |
12180 |
| 245 10 - TITLE STATEMENT |
| Title |
Nicholas Nickleby / |
| Statement of responsibility, etc. |
Charles Dickens ; edited with an introduction by Mark Ford ; original illustrations by Hablot K. Browne ('Phiz'). |
| 260 ## - PUBLICATION, DISTRIBUTION, ETC. |
| Place of publication, distribution, etc. |
London ; |
| -- |
New York : |
| Name of publisher, distributor, etc. |
Penguin Books, |
| Date of publication, distribution, etc. |
1999. |
| 300 ## - PHYSICAL DESCRIPTION |
| Extent |
xxxvi, 816 p. ; |
| Dimensions |
20 cm. |
| 490 0# - SERIES STATEMENT |
| Series statement |
Penguin classics |
| 504 ## - BIBLIOGRAPHY, ETC. NOTE |
| Bibliography, etc. note |
Includes bibliographical references. |
| 650 #0 - SUBJECT ADDED ENTRY--TOPICAL TERM |
| Topical term or geographic name entry element |
Young men |
| Form subdivision |
Fiction. |
| 9 (RLIN) |
12184 |
| 650 #0 - SUBJECT ADDED ENTRY--TOPICAL TERM |
| Topical term or geographic name entry element |
Theatrical companies |
| Form subdivision |
Fiction. |
| 9 (RLIN) |
12196 |
| 650 #0 - SUBJECT ADDED ENTRY--TOPICAL TERM |
| Topical term or geographic name entry element |
Fathers |
| General subdivision |
Death |
| Form subdivision |
Fiction. |
| 9 (RLIN) |
12197 |
| 650 #0 - SUBJECT ADDED ENTRY--TOPICAL TERM |
| Topical term or geographic name entry element |
Boarding schools |
| Form subdivision |
Fiction. |
| 9 (RLIN) |
11811 |
| 650 #0 - SUBJECT ADDED ENTRY--TOPICAL TERM |
| Topical term or geographic name entry element |
Poor families |
| Form subdivision |
Fiction. |
| 9 (RLIN) |
12124 |
| 650 #0 - SUBJECT ADDED ENTRY--TOPICAL TERM |
| Topical term or geographic name entry element |
Widows |
| Form subdivision |
Fiction. |
| 9 (RLIN) |
7299 |
| 650 #0 - SUBJECT ADDED ENTRY--TOPICAL TERM |
| Topical term or geographic name entry element |
Uncles |
| Form subdivision |
Fiction. |
| 9 (RLIN) |
11652 |
| 651 #0 - SUBJECT ADDED ENTRY--GEOGRAPHIC NAME |
| Geographic name |
England |
| Form subdivision |
Fiction. |
| 9 (RLIN) |
1072 |
| 655 #7 - INDEX TERM--GENRE/FORM |
| Genre/form data or focus term |
Picaresque literature. |
| Source of term |
gsafd |
| 9 (RLIN) |
11935 |
| 655 #7 - INDEX TERM--GENRE/FORM |
| Genre/form data or focus term |
Bildungsromans. |
| Source of term |
gsafd |
| 9 (RLIN) |
3698 |
| 700 1# - ADDED ENTRY--PERSONAL NAME |
| Personal name |
Ford, Mark, |
| Dates associated with a name |
1962 June 24- |
| 9 (RLIN) |
12198 |
| 700 1# - ADDED ENTRY--PERSONAL NAME |
| Personal name |
Browne, Hablot Knight, |
| Dates associated with a name |
1815-1882. |
| 9 (RLIN) |
12199 |
| 856 42 - ELECTRONIC LOCATION AND ACCESS |
| Materials specified |
Contributor biographical information |
| Uniform Resource Identifier |
<a href="http://www.loc.gov/catdir/enhancements/fy1203/00698638-b.html">http://www.loc.gov/catdir/enhancements/fy1203/00698638-b.html</a> |
| 856 42 - ELECTRONIC LOCATION AND ACCESS |
| Materials specified |
Publisher description |
| Uniform Resource Identifier |
<a href="http://www.loc.gov/catdir/enhancements/fy1203/00698638-d.html">http://www.loc.gov/catdir/enhancements/fy1203/00698638-d.html</a> |
| 906 ## - LOCAL DATA ELEMENT F, LDF (RLIN) |
| a |
7 |
| b |
cbc |
| c |
copycat |
| d |
2 |
| e |
ncip |
| f |
20 |
| g |
y-gencatlg |
| 942 ## - ADDED ENTRY ELEMENTS (KOHA) |
| Source of classification or shelving scheme |
|
| Koha item type |
Book |